000 00231nam a22000977a 4500
999 _c153909
_d153909
082 _a
_b
245 _aIBPS bank PO/MT CWE 3:
_bcommon written examination practice work book/
260 _a
_bKiran,
_c
650 _a
942 _cBK